000 00295nam a2200121Ia 4500
008 241028s9999 xx 000 0 und d
041 _aeng
082 _a828 SET
100 _aSeth Vikram
245 _aThe Hanuman Chalisa
260 _bSpeaking Tiger
_aNew Dehli
_c2024
300 _a100;. P. 23 Cm
999 _c43138
_d43138